Missing Word: TV Title Nouns A-Z Quiz Stats

 Plays Quiz Updated Aug 1, 2015

Challenge
Share
Tweet
Embed
Score 0/24 Timer 03:00
8 Plays Today
Hint Answer % Correct
Grey's ____Anatomy
98.7%
How I Met Your ____Mother
98.3%
The Brady ____Bunch
97.8%
My ____ Is EarlName
97.5%
____ of CardsHouse
97%
____ is the New BlackOrange
96.9%
Buffy the ____ SlayerVampire
96.9%
Game of ____Thrones
96.4%
Modern ____Family
96%
____ of the HillKing
95.4%
Twilight ____Zone
94.8%
CSI: Crime Scene ____Investigation
94.1%
Hint Answer % Correct
The Golden ____Girls
93.9%
Law & Order: Special Victims ____Unit
93.4%
The Wonder ____Years
91.6%
Sanford and ____Son
88.4%
Twin ____Peaks
88.3%
The West ____Wing
87.6%
Friday Night ____Lights
87.5%
Curb Your ____Enthusiasm
86.4%
The Colbert ____Report
81.7%
True ____Detective
60.9%
Dirty ____Jobs
52.1%
____ BebopCowboy
33.3%

Today's Daily Dose

You're not logged in!

Compare scores with friends on all Sporcle quizzes.
Join for Free
OR
Log In

You Might Also Like...

Show Comments

Extras

Top Quizzes Today


Score Distribution

Your Account Isn't Verified!

In order to create a playlist on Sporcle, you need to verify the email address you used during registration. Go to your Sporcle Settings to finish the process.

Report this User

Report this user for behavior that violates our Community Guidelines.

Details: